Environmental Scotland (Record no. 118002)
[ view plain ]
| 000 -LEADER | |
|---|---|
| fixed length control field | 01316cam a2200217 4500 |
| 001 - CONTROL NUMBER | |
| control field | WB@3612-308 |
| 008 - FIXED-LENGTH DATA ELEMENTS--GENERAL INFORMATION | |
| fixed length control field | 040915n2004 000 0 eng u |
| 035 ## - SYSTEM CONTROL NUMBER | |
| System control number | (Sirsi) u127403 |
| 245 ## - TITLE STATEMENT | |
| Title | Environmental Scotland |
| 260 ## - PUBLICATION, DISTRIBUTION, ETC. | |
| Date of publication, distribution, etc. | 2004 |
| 490 ## - SERIES STATEMENT | |
| Series statement | Scottish Executive News Release |
| Volume/sequential designation | 13 September 2004 (1) |
| 520 ## - SUMMARY, ETC. | |
| Summary, etc. | A draft Bill expected to be introduced into parliament in January 2005 is designed to open the decision-making process on major plans to public comment. The comprehensive plans for environmental protection should put Scotland at the forefront of European policy. The proposals in the Bill go beyond European legislation and ensure all public sector plans, strategies and plans are scrutinised for environmental impact. The Bill can be viewed at: http://www.scotland-legislation.hmso.gov.uk/cgi-bi n/htm_hl.pl?DB=hmso-new&STEMMER=en&WORDS=environme nt+assess+plan+programm+&COLOUR=Red&STYLE=s&URL=ht tp://www.hmso.gov.uk/legislation/scotland/ssi2004/ 20040258.htm#muscat_highlighter_first_match. http://www.scotland.gov.uk/News/Releases/2004/09/1 3115501 |
| 590 ## - LOCAL NOTE (RLIN) | |
| Local note | WB |
| 590 ## - LOCAL NOTE (RLIN) | |
| Local note | WB |
| 650 ## - SUBJECT ADDED ENTRY--TOPICAL TERM | |
| Topical term or geographic name entry element | ENVIRONMENTAL IMPACT ASSESSMENTS |
| 650 ## - SUBJECT ADDED ENTRY--TOPICAL TERM | |
| Topical term or geographic name entry element | PLANNING POLICY |
| 650 ## - SUBJECT ADDED ENTRY--TOPICAL TERM | |
| Topical term or geographic name entry element | EC DIRECTIVES |
| 650 ## - SUBJECT ADDED ENTRY--TOPICAL TERM | |
| Topical term or geographic name entry element | DIRECTIVE 2001/42/EC |
| 690 ## - LOCAL SUBJECT ADDED ENTRY--TOPICAL TERM (OCLC, RLIN) | |
| Topical term or geographic name as entry element | ENVIRONMENT-AUDIT/ASSESSMENT |
| 942 ## - ADDED ENTRY ELEMENTS (KOHA) | |
| Suppress in OPAC | 0 |
| Withdrawn status | Lost status | Source of classification or shelving scheme | Damaged status | Not for loan | Home library | Current library | Shelving location | Date acquired | Total Checkouts | Full call number | Barcode | Date last seen | Copy number | Price effective from | Koha item type |
|---|---|---|---|---|---|---|---|---|---|---|---|---|---|---|---|
| Dewey Decimal Classification | London | London | News article | 15/09/2004 | WB4035-07 | 127403-1001 | 06/08/2019 | 1 | 06/08/2019 | News article |